Litaniæ Lauretanæ - Statistics

General Stats
  • This quiz has been taken 55 times
  • The average score is 16 of 55
Answer Stats
Latin English % Correct
Domus áurea House of gold
60%
Mater castíssima Mother most chaste
60%
Mater puríssima Mother most pure
60%
Sancta Dei Génetrix Holy Mother of God
60%
Sancta María Holy Mary
60%
Sancta Virgo vírginum Holy Virgin of virgins
60%
Iánua cæli Gate of heaven
40%
Mater Christi Mother of Christ
40%
Mater divínæ grátiæ Mother of divine grace
40%
Mater Ecclésiæ Mother of the Church
40%
Mater invioláta Mother inviolate
40%
Mater Misericórdiæ Mother of Mercy
40%
Mater Spei Mother of Hope
40%
Refúgium peccatórum Refuge of sinners
40%
Regína apostolórum Queen of Apostles
40%
Regína confessórum Queen of Confessors
40%
Regína mártyrum Queen of Martyrs
40%
Regína pacis Queen of peace
40%
Stella matutína Morning star
40%
Turris davídica Tower of David
40%
Turris ebúrnea Tower of ivory
40%
Virgo prudentíssima Virgin most prudent
40%
Auxílium christianórum Help of Christians
20%
Causa nostræ lætítiæ Cause of our joy
20%
Consolátrix afflictórum Comfort of the afflicted
20%
Fœderis arca Ark of the covenant
20%
Mater admirábilis Mother admirable
20%
Mater amábilis Mother most amiable
20%
Mater boni consílii Mother of good counsel
20%
Mater Creatóris Mother of our Creator
20%
Mater immaculáta Mother immaculate
20%
Mater intemeráta Mother undefiled
20%
Mater Salvatóris Mother of our Saviour
20%
Regína angelórum Queen of Angels
20%
Regína famíliæ Queen of families
20%
Regína in cælum assúmpta Queen assumed into heaven
20%
Regína patriarchárum Queen of Patriarchs
20%
Regína prophetárum Queen of Prophets
20%
Regína sacratíssimi rosárii Queen of the most holy Rosary
20%
Regína sanctórum ómnium Queen of all Saints
20%
Regína sine labe originali concépta Queen conceived without original sin
20%
Regína vírginum Queen of Virgins
20%
Rosa mýstica Mystical rose
20%
Salus infirmórum Health of the sick
20%
Sedes sapiéntiæ Seat of wisdom
20%
Spéculum iustítiæ Mirror of justice
20%
Vas honorábile Vessel of honour
20%
Vas spirituále Spiritual vessel
20%
Virgo clemens Virgin most merciful
20%
Virgo fidélis Virgin most faithful
20%
Virgo potens Virgin most powerful
20%
Virgo prædicánda Virgin most renowned
20%
Virgo veneránda Virgin most venerable
20%
Solacium Migrantium Solace of Migrants
0%
Vas insígne devotiónis Singular vessel of devotion
0%
No matching quizzes found
Score Distribution
Percent of People with Each Score
Percentile by Number Answered
Your Score History
You have not taken this quiz